000 00470nam a2200181Ia 4500
001 4898
005 20260306145828.0
008 260306t2021||||xx |||||||||||||| ||spa||
041 _aESP
082 _a331.110985
_bM22
100 _aManky, Omar
_eAUT
245 0 _aRostros del trabajo:
_bdesigualdad, poder e identidad en el Perú contemporáneo
260 _c2021
300 _a227 páginas :
_c23 cm.
650 _aGEN
654 _aCAN
942 _cLIB
_dJUS
_fJUS
_2ddc
_n
999 _c4898
_d4898